UBT Library

Teknikat themelore të shkrimit / (Record no. 395)

000 -LEADER
fixed length control field 00397nam a22001457a 4500
008 - FIXED-LENGTH DATA ELEMENTS--GENERAL INFORMATION
fixed length control field 140116b xxu||||| |||| 00| 0 alb d
020 ## - INTERNATIONAL STANDARD BOOK NUMBER
International Standard Book Number 9789951878302
080 ## - UNIVERSAL DECIMAL CLASSIFICATION NUMBER
Universal Decimal Classification number 821.18:808.1
100 1# - Rafti
Rafti Miftari, Vehbi
245 ## - TITLE STATEMENT
Title Teknikat themelore të shkrimit /
Statement of responsibility, etc Vehbi Miftari.
260 ## -
-- Kosovë :
-- "imp" ;
-- 2009.
300 ## -
-- 189 f. ;
-- 24 cm.
650 ## -
-- Gjuha shqipe
-- Shkrimi
942 ## - ADDED ENTRY ELEMENTS (KOHA)
Source of classification or shelving scheme
Item type Books
Holdings
Withdrawn status Lost status Source of classification or shelving scheme Damaged status Not for loan Collection code Permanent location Current location Shelving location Date acquired Total Checkouts Full call number Barcode Date last seen Koha item type Price effective from
          Koleksioni i përgjithshem UBT - Lipjan UBT - Lipjan   04/28/2026     003-800070999307 04/28/2026 Books 04/28/2026
          Koleksioni i lëndeve mesimore UBT - Prishtine UBT - Prishtine Koleksioni i lëndeve mesimore 01/16/2014   821.18:808.1 MIF 001-000533 01/16/2014 Books  
UBT Library © 2015-2024. All rights reserved University Education for Business and Technology